000 01614cam a2200253 4500
001 ABS68101
008 040820n2004 000 0 eng u
035 _a(Sirsi) u127122
100 _aEydmann, S.
245 _aIt's time to have your say on accreditation
260 _c2004
490 _aContext
_v (85) July 2004, 29-32(4)
520 _aLooks at Institute of Historic Building Conservation (IHBC) decision to seek its members views on how it should respond to plans for accreditation in conservation. Discusses problems with the accreditation plans such as: the relatively low take-up by candidates; lack of commonality across the schemes; criticism from non-accredited professionals that the schemes create a closed shop; and the rejection by some long standing professionals to having to prove their conservation credentials. Examines issues including: the accreditation framework document; assessment methodology; the role of assessors; the structure of CPD; the future of the Edinburgh Group (a discussion group formed to examine the impact of accreditation); implications for IHBC and its members; and the draft IHBC scheme. Table outlines the questions the IHBC will ask its members. More information can be found at www.ihbc.org.uk.
590 _aABS
590 _aABS
650 _aACCREDITATION SCHEMES
650 _aHISTORIC BUILDINGS
650 _aARCHITECTURAL CONSERVATION
690 _aBUILDING CONSERVATION
700 _aPreston, J.
856 _uhttps://www.ihbc.org.uk
_zView the IHBC website...
856 _uhttps://www.ihbc.org.uk
_zView the IHBC website...
942 _n0
999 _c117876
_d117876